Dancing In The Flames - The Weeknd - All Lyrics - Statistics

General Stats
  • This quiz has been taken 85 times
  • The average score is 168 of 216
Answer Stats
Answer % Correct
dancin'
97%
(Dancin'
97%
flames
97%
flames)
97%
I
97%
(I
97%
in
97%
me)
97%
the
97%
"The
97%
The
97%
we
95%
can
92%
face
92%
ha)
92%
hey
92%
(Hey)
92%
no)
92%
oh
92%
(Oh,
92%
oh,
92%
Ooh,
92%
Ooh
92%
see
92%
see,
92%
wait
92%
we're
92%
We're
92%
yeah
92%
you
92%
your
92%
can't
89%
can't)
89%
(Can't
89%
to
89%
it,
86%
it
86%
when
86%
be
84%
be,
84%
be)
84%
But
84%
but
84%
if
84%
switchin'
84%
Crash
81%
lanes
81%
My
81%
dies
78%
It's
78%
it's
78%
lights
78%
miss
78%
are
76%
beyond
76%
home
76%
hope
76%
love's
76%
make
76%
while
76%
another
70%
Another
70%
'cause
70%
odyssey,
70%
on
70%
racin'
70%
Traffic
70%
indescribable
68%
(Indescribable),
68%
(Indescribable)
68%
open
68%
pain
68%
and
65%
And
65%
been
65%
brake
65%
chasin'
65%
cover
65%
road
65%
So
65%
I've
62%
say
62%
say,
62%
they
62%
world
62%
Melted
57%
radio
57%
tight"
57%
control
54%
you're
54%
beautiful
51%
heal"
51%
"Hold
51%
taste
51%
final
49%
headlights,
49%
amazin',
43%
fire's
43%
just
43%
(Just
43%
made
43%
wheel,
43%
want
41%
barely
38%
grab
38%
still
38%
dodgin'
35%
Our
35%
ragin',
35%
have
32%
never
32%
same
32%
Everything's
30%
faith
30%
We'll
30%
(We'll
30%
faded,
27%
No matching quizzes found
Score Distribution
Percent of People with Each Score
Percentile by Number Answered
Your Score History
You have not taken this quiz